00512 a2200169 45000010006000000050017000060080041000230030015000640400040000790800075001192450038001942640047002323000019002790410008002981000018003067000018003246371420260407155935.0260407a1948 arg spa dAR-UNSa-BCEJYS aAR-UNSa-BCEJYSbspacAR-UNSa-BCEJYS a651xOrganización de oficinas. Técnicas de trabajo en las oficinas10aOrganización de la contaduría 1aBuenos Aires :bSelección Contablec1948 a296 p.c20 cm. aspa1 aRaul, Joaquin1 aSeoane, Jorge